Name All Dream SMP Members - Statistics

General Stats
  • This quiz has been taken 34 times
  • The average score is 31 of 40
Answer Stats
Answer % Correct
Badboyhalo
100%
Dream
100%
Georgenotfound
100%
Skeppy
100%
Skeppy
100%
Tommyinit
100%
Awesamdude
92%
Jschlatt
92%
Niki
92%
Philza
92%
Quackity
92%
Sapnap
92%
Technoblade
92%
Tubbo
92%
Wilbur soot
92%
Antfrost
85%
Callahan
85%
Fundy
85%
Karl Jacobs
85%
Punz
85%
Purpled
85%
Ranboo
85%
Jack Manifold
77%
Ponk
77%
Puffy
77%
Alyssa
69%
ConnorEatsPants
69%
Eret
69%
Hannah
69%
Lazarbeam
69%
Slimecicle
69%
Vikkstar
69%
Foolish
62%
Aimsey
54%
BoomerNA
54%
Hbomb
54%
Eryn
46%
Michealmcchill
46%
TinaKitten
38%
Seapeekay
31%
No matching quizzes found
Score Distribution
Percent of People with Each Score
Percentile by Number Answered
Your Score History
You have not taken this quiz